000 00550nam a2200181Ia 4500
008 230718s9999 xx 000 0 und d
020 _a9781787129450
041 _aeng
082 _a005.13'3
_bMEI
100 _aMeier B.A.
_9201004
245 _aPython GUI Programming Cookbook
_bDevelop Beautiful And Powerful GUIs Using The Python Programming Language
250 _a2nd ed.
260 _c2017
_bPackt
300 _a421
365 _cRs.
_b1199.00
700 _aMeier B.A.
_9201004
906 _dO:0604018-Aug-2018B:IN27325-Jul-2018
_cCOMP
_b239.8
999 _c348163
_d348163